Taking off #2 / by Valerie Tripp.
Available copies
- 3 of 3 copies available at LARL/NWRL Consortium.
- 1 of 1 copy available at Northwest Regional Library. (Show preferred library)
Current holds
0 current holds with 3 total copies.
Show Only Available Copies
| Location | Call Number / Copy Notes | Barcode | Shelving Location | Status | Due Date |
|---|---|---|---|---|---|
| Warroad Public Library | j TRI (Text) | 35500006635393 | Main | Available | - |
| Bagley Public Library | J TRI (Text) | 33500012149894 | Main | Available | - |
| Crookston Public Library | J TRI (Text) | 33500012149886 | Main | Available | - |
Record details
- ISBN: 9781609589851
- ISBN: 1609589858
- ISBN: 9781683371373
- Physical Description: 193 pages ; 20 cm.
- Publisher: Middleton, WI : American Girl, [2015]
Content descriptions
| General Note: | "Maryellen 1954"--Cover. |
Search for related items by subject
| Subject: | Girls > Juvenile fiction. Nineteen fifties > Juvenile fiction. |
| Genre: | Historical fiction. |
Search for related items by series
| LDR | 01466cam a2200373Ki 4500 | ||
|---|---|---|---|
| 001 | 188912 | ||
| 003 | LARL_NWRL_CONSORTIUM | ||
| 005 | 20221208190636.0 | ||
| 008 | 150309s2015 wiu j 000 1 eng d | ||
| 020 | . | ‡a9781609589851 | |
| 020 | . | ‡a1609589858 | |
| 020 | . | ‡a9781683371373 | |
| 035 | . | ‡a(OCoLC)904576333 | |
| 049 | . | ‡aNRGJ | |
| 100 | 1 | . | ‡aTripp, Valerie, ‡d1951- ‡0(LARL_NWRL_CONSORTIUM)86594 |
| 245 | 1 | 0. | ‡aTaking off ‡n#2 / ‡cby Valerie Tripp. |
| 264 | 1. | ‡aMiddleton, WI : ‡bAmerican Girl, ‡c[2015] | |
| 300 | . | ‡a193 pages ; ‡c20 cm. | |
| 336 | . | ‡atext ‡btxt ‡2rdacontent | |
| 337 | . | ‡aunmediated ‡bn ‡2rdamedia | |
| 338 | . | ‡avolume ‡bnc ‡2rdacarrier | |
| 490 | 0 | . | ‡aAmerican Girl Beforever Maryellen ; ‡v2 |
| 490 | 0 | . | ‡aMaryellen classic ; ‡v2 |
| 490 | 0 | . | ‡aBeforever |
| 500 | . | ‡a"Maryellen 1954"--Cover. | |
| 650 | 0. | ‡aGirls ‡vJuvenile fiction. ‡0(LARL_NWRL_CONSORTIUM)169117 | |
| 650 | 0. | ‡aNineteen fifties ‡vJuvenile fiction. | |
| 655 | 7. | ‡aHistorical fiction. ‡2lcgft | |
| 901 | . | ‡a188912 ‡bOCLC ‡c188912 ‡tbiblio | |

Add to basket
Permalink
Disable Highlighting